000 00628 a2200181 4500
999 _c4606
_d4606
010 _aENG-86469
020 _a0143100362
_c395.00
035 _aEN-70002
037 _bDBAD / PUB
082 1 4 _a320.9540904
100 1 _aDhillon, Kirpal
245 1 _aIdentity and survival :
_bsikh militancy in India 1978-1993 /
_cby Kirpal Dhillon
260 _aNew Delhi
_bPenguin Books
_c2006
270 _a11, Community Centre, Panchsheel Park
_bNew Delhi
_cWest Bengal
_e110 017
300 _axxxvii, 394 p.
_c20cm (Pbk)
500 _aincludes bibliographical refrences and index
942 _adpl
_cEN
_2ddc
_h320.9540904
_mDHI